| 000 | 01294nam a2200265 a 4500 | ||
|---|---|---|---|
| 001 | 000009313 | ||
| 003 | DO-SdBNP | ||
| 005 | 20230302141904.0 | ||
| 007 | ta | ||
| 008 | 090929s1983 dr a 001 0 spa d | ||
| 040 |
_aDO-SdBNP _bspa _cBNPHU |
||
| 082 | 4 |
_a343.729305 _bP438e _222 |
|
| 100 | 1 |
_aPérez, Críspulo _924043 |
|
| 245 | 1 | 0 |
_aEstudio, teoría y práctica : _bimpuesto sobre la renta en la República Dominicana / _cCríspulo Pérez. |
| 260 |
_aSanto Domingo : _bTaller, _c1983. |
||
| 300 |
_a607 p. : _bilustración ; _c24 cm. |
||
| 500 | _aSíntesis de 25 años dedicados a tiempo completo a las labores tributarias. Doce años dentro de la adminisración , trece años en el ejercício profesional especializado, dieciseis años en labores docentes. Y asimismo, el impuesto visto desde dentro de la administración y desde fuera, experiencia recoplida en estas 589 páginas y LXXXIX capítulos | ||
| 500 | _aIncluye índice alfabético y de temas | ||
| 500 | _aIncluye datos biográficos del autor en la contracubierta | ||
| 590 | _aInventariado, 2018/VM | ||
| 650 | 4 |
_aImpuestos sobre la renta _xLegislación _zRepública Dominicana _99399 |
|
| 650 | 4 |
_aImpuesto sobre la renta _zRepública Dominicana _924044 |
|
| 910 | _aValidado. Control de calidad MFF | ||
| 942 |
_2ddc _cLBS1 |
||
| 999 |
_c9073 _d9073 |
||